Channel catfish culture

সংরক্ষণ করুন:
গ্রন্থ-পঞ্জীর বিবরন
বিন্যাস: গ্রন্থ
ভাষা:Undetermined
প্রকাশিত: Amsterdam ( The Netherlands ) Elsevier Science 1992
বিষয়গুলি:
ট্যাগগুলো: ট্যাগ যুক্ত করুন
কোনো ট্যাগ নেই, প্রথমজন হিসাবে ট্যাগ করুন!
Thư viện lưu trữ: Trung tâm Học liệu Trường Đại học Cần Thơ
LEADER 00476nam a2200169Ia 4500
001 CTU_38800
008 210402s9999 xx 000 0 und d
082 |a 639.3752 
082 |b C458 
245 0 |a Channel catfish culture 
245 0 |c Edited by C. S. Tucker 
260 |a Amsterdam ( The Netherlands ) 
260 |b Elsevier Science 
260 |c 1992 
650 |a Channel catfish,Fish-culture 
904 |i Giang 
980 |a Trung tâm Học liệu Trường Đại học Cần Thơ